005890000a2200157000450024501300000065000240013065000160015465000190017065000150018965000360020465100400024004100130028070000270029310000270032077300840034710aPatterns of tree species diversity along latitudinal and altitudinal gradients in the Argentinean subtropical montane forests14aRiqueza de especies14aFenología14aDistribución14aEcología14aBosques neotropicales húmedos 4lParque Nacional BaritúpArgentina0 aInglés1 aBrown, Alejandro Diego1 aGrau, Héctor Ricardo1 tBiodiversity and Conservation of Neotropical Montane Forests350q295-300d1995